00422nam a2200133Ia 4500008004100000020001800041041000800059082001000067100001400077245014900091260002900240300000800269650001100277220524s9999 xx 000 0 und d a9781604690712 aeng a746.1 aDuerr, S. aThe Handbook of Natural Plant Dyes: Personalize Your Craft with Organic Colour From Acorns, Blackberries, Coffee, And Other Everyday Ingredients bTimber Press-Chinac2010 a171 aDyeing